000 00444nam a22001817a 4500
003 MPLRDC
005 20220104124743.0
008 210129b ||||| |||| 00| 0 eng d
020 _a0-9625118-7-0
082 _a330.7 YZN-4
100 _a张美曼编
245 _a杨振宁谈科学发展
_c
250 _a初版
260 _a
_b八方文化企业公司
_c1992
300 _b
650 _a物理学总论
942 _cBK
_o330.7 YZN-4
999 _c21886
_d21876